Loading...

Business Environment: Text & Cases

Bibliographic Details
Main Author: Cherunilam, Francis
Format: Printed Book
Published: Himalaya Publishing House: Mumbai 2004
Edition:15 edition
Subjects:
LEADER 00549nam a2200193 4500
020 |c 275 
082 |a 333.7 CHE 
100 |a Cherunilam, Francis 
245 |a Business Environment: Text & Cases  |c Cherunilam, Francis 
250 |a 15 edition 
260 |a Himalaya Publishing House: Mumbai  |c 2004 
300 |a 718 p 
490
500
590
650 |a Business environment 
942 |c BK 
999 |c 138760  |d 138760 
952 |0 0  |1 0  |4 0  |6 333_700000000000000_CHE  |7 0  |9 152220  |a IMK  |b IMK  |g 275.00  |l 0  |o 333.7 CHE  |p IMK05766  |r 2019-10-25  |w 2019-10-25  |y BK